Entrada Término temático
Número de registros utilizados en: 1
001 - NÚMERO DE CONTROL
003 - IDENTIFICADOR DEL NÚMERO DE CONTROL
- campo de control:
DR-UNIBE
005 - FECHA Y HORA DE LA ÚLTIMA TRANSACCIÓN
- campo de control:
20250325111309.0
008 - DATOS DE LONGITUD FIJA
- campo de control de longitud fija:
250325|| aca||aabn | a|a d
040 ## - FUENTE DE LA CATALOGACIÓN
- Centro catalogador/agencia de origen:
DR-UNIBE
- Centro/agencia transcriptor:
DR-UNIBE
650 ## -
- :
Derecho constitucional
- :
Colombia
- :
Congresos, conferencias, etc
670 ## - FUENTE DE DATOS ENCONTRADOS
- Cita de la fuente:
Work cat.: (DR-UNIBE)113373: Encuentro de la Jurisdicción Ordinaria (9o. : 2006 nov. 15 : Bogotá) 193431, La protección de los derechos fundamentales y la misión asignada a la jurisdicción ordinaria : , 2007